Mil una reflexión sobre el proceso político salvadoreño
Gardado en:
| Formato: | Texto |
|---|---|
| Materias: | |
| Etiquetas: |
Engadir etiqueta
Sen Etiquetas, Sexa o primeiro en etiquetar este rexistro!
|
MARC
| LEADER | 00000 a a2200000 04500 | ||
|---|---|---|---|
| 001 | 6468 | ||
| 003 | |||
| 040 | |||
| 245 | |a Mil una reflexión sobre el proceso político salvadoreño | ||
| 650 | |a DESARROLLO POLITICO | ||
| 650 | |a GUERRA | ||
| 650 | |a PAZ | ||
| 650 | |a MEDIOS DE COMUNICACION | ||
| 773 | |g volumen 22, número 1000; páginas 4-6 | ||
| 999 | |c 26427 |d 26427 | ||
